Mystery shopping není "shocking"

Podstata mystery shoppingu. Vlastnosti mystery shoppingu. Používatelia projektu mystery shopping. Kontrola a klienti mystery shoppingu.

Salvato in:
Dettagli Bibliografici
Autore principale: Kaláb, Karel
Natura: Capitolo di libro
Lingua:ceco
Soggetti:
Tags: Aggiungi Tag
Nessun Tag, puoi essere il primo ad aggiungerne!!

MARC

LEADER 00000naa a2200000 4500
001 r045228
005 20250522123202.4
041 0 |a cze 
044 |a CZ 
245 1 0 |a Mystery shopping není "shocking"  |c Karel Kaláb 
520 |a Podstata mystery shoppingu. Vlastnosti mystery shoppingu. Používatelia projektu mystery shopping. Kontrola a klienti mystery shoppingu. 
610 2 0 |a služby 
610 2 0 |a kontrola 
610 2 0 |a zákazníci 
610 2 0 |a spokojnosť zákazníkov 
610 2 0 |a výskum trhu 
610 2 0 |a mystery shopping 
100 1 |a Kaláb, Karel